Manual de Geografía universal y particular de España : arreglado al programa del Instituto de S. Isidro

Gespeichert in:
Bibliographische Detailangaben
Format: Buch
Sprache:Spanisch
Erschienen: Madrid : Imprenta del Colegio de sordomudos y de ciegos, 1865
Katalog:MANES:  Suchergebnis im Bibliothekskatalog
Schulbuchspezifische Eigenschaften:
Tags: Tag hinzufügen
Keine Tags, Fügen Sie den ersten Tag hinzu!
Hinzugefügt zu:09.02.2019
Geändert in:07.05.2025

MARC

LEADER 00000cam a2200000 4500
005 20250507134346.0
008 190210S1865 0esp p 0000 00spa0d
040 |a uned  |b spa  |c entro-manes 
041 0 |a spa 
245 0 0 |a Manual de Geografía universal y particular de España :   |b arreglado al programa del Instituto de S. Isidro 
260 |a Madrid :   |b Imprenta del Colegio de sordomudos y de ciegos,   |c 1865 
300 |a 104 p. 
546 |a España 
561 |5 es-BUNED  |3 L.T. 1483  |a España. Fondo Manes UNED  |k MANES 
690 0 |a GEO 
942 |2 ddc  |c BK 
999 |c 92580  |d 92580 
999 |c manes:92580  |d 92580